Endometriosis (Record no. 71516)
[ view plain ]
| 000 -LEADER | |
|---|---|
| fixed length control field | 01826nam a2200349 a 4500 |
| 082 04 - DEWEY DECIMAL CLASSIFICATION NUMBER | |
| Classification number | 618.1/42 |
| 245 00 - TITLE STATEMENT | |
| Title | Endometriosis |
| 260 ## - PUBLICATION, DISTRIBUTION, ETC. (IMPRINT) | |
| Place of publication | Chichester, U.K. ; |
| -- | Malden, Mass. : |
| Name of publisher | Wiley-Blackwell, |
| Year of publication | 2012. |
| 300 ## - PHYSICAL DESCRIPTION | |
| Number of Pages | xviii, 581 p., [24] leaves of plates : |
| Other physical details | ill. (some col.), ports. |
| 505 0# - FORMATTED CONTENTS NOTE | |
| Formatted contents note | pt. 1. History, epidemiology, and economics -- pt. 2. Pathogenesis -- pt. 3. Disease characterization -- pt. 4. Biological basis and pathophysiology of endometriosis -- pt. 5. Models of endometriosis -- pt. 6. Diagnosis of endometriosis -- pt. 7. Medical therapies for pain -- pt. 8. Surgical therapies for pain -- pt. 9. Infertility and endometriosis -- pt. 10. Associated disorders. |
| 650 #0 - SUBJECT ADDED ENTRY--TOPICAL TERM | |
| Topical Term | Endometriosis. |
| 700 1# - ADDED ENTRY--PERSONAL NAME | |
| Personal name | Giudice, Linda. |
| Personal name | Evers, Johannes Leonardus Henricus, |
| Personal name | Healy, D. L. |
| 856 40 - ELECTRONIC LOCATION AND ACCESS | |
| Uniform Resource Identifier | http://site.ebrary.com/lib/rucke/Doc?id=10630578 |
No items available.
